000 00719nam a22001817a 4500
003 UA-OsUOA
001 16298
007 ta
008 20031227b un ||||| |||| 00| 0 ukr d
100 _aМовчан С.
942 _cSA
040 _aUA-OsUOA
_cUA-OsUOA
_dUA-OsUOA
245 _aНайбільще заробляють у Кузнецовську, найменше - на Зарічненщині
_b[Рівнен. обл. упр. статистики підбило підсумки соц.-екон. розвитку Рівненщини за 11 міс. 2003 р.]
300 _aС.1
955 _a0
773 0 _w0
_tОго
_dРівне
_d2003
_g№223/22 груд./
650 7 _aКраєзнавча робота
_2UDC
999 _c302463
_d302463